<?xml version="1.0" encoding="UTF-8"?>
<record
    xmlns:xsi="http://www.w3.org/2001/XMLSchema-instance"
    xsi:schemaLocation="http://www.loc.gov/MARC21/slim http://www.loc.gov/standards/marcxml/schema/MARC21slim.xsd"
    xmlns="http://www.loc.gov/MARC21/slim">

  <leader>00734nam a2200193   4500</leader>
  <controlfield tag="001">85597</controlfield>
  <controlfield tag="003">BD-RjUL</controlfield>
  <controlfield tag="005">20250831105556.0</controlfield>
  <controlfield tag="008">250831s1967    pk ||||| |||| 00| 0 urd d</controlfield>
  <datafield tag="035" ind1=" " ind2=" ">
    <subfield code="a">(BD-RjUL)85597</subfield>
  </datafield>
  <datafield tag="040" ind1=" " ind2=" ">
    <subfield code="a">BD-RjUL</subfield>
    <subfield code="b">eng</subfield>
    <subfield code="c">BD-RjUL</subfield>
  </datafield>
  <datafield tag="041" ind1=" " ind2=" ">
    <subfield code="a">urd</subfield>
  </datafield>
  <datafield tag="082" ind1=" " ind2=" ">
    <subfield code="2">23</subfield>
    <subfield code="a">891.4391</subfield>
    <subfield code="b">SUQ 1967</subfield>
  </datafield>
  <datafield tag="245" ind1=" " ind2=" ">
    <subfield code="a">&#x642;&#x635;&#x627;&#x626;&#x62F; &#x630;&#x648;&#x642; / Qa&#x1E63;&#x101;&#x2BC;id-i Z&#x332;auq / </subfield>
    <subfield code="c">:&#x645;&#x631;&#x62A;&#x651;&#x628;&#x6C0; &#x688;&#x627;&#x6A9;&#x679;&#x631; &#x633;&#x631; &#x634;&#x627;&#x647; &#x645;&#x62D;&#x645;&#x62F; &#x633;&#x644;&#x649;&#x645;&#x627;&#x646;., &#x630;&#x648;&#x642;&#x60C; &#x634;&#x649;&#x62E; &#x645;&#x62D;&#x645;&#x62F; &#x627;&#x628;&#x631;&#x627;&#x647;&#x649;&#x645;&#x60C;,-, author (Author), &#x633;&#x644;&#x649;&#x645;&#x627;&#x646;&#x60C; &#x634;&#x627;&#x647; &#x645;&#x62D;&#x645;&#x62F;&#x60C;  Sh&#x101;h Mu&#x1E25;ammad Sulaim&#x101;n., Shaik&#x332;h&#x332; Mu&#x1E25;ammad Ibr&#x101;h&#x12B;m Z&#x332;auq </subfield>
  </datafield>
  <datafield tag="260" ind1=" " ind2=" ">
    <subfield code="a">Karachi : </subfield>
    <subfield code="b">&#x627;&#x631;&#x62F;&#x648; &#x627;&#x6A9;&#x6CC;&#x688;&#x645;&#x6CC; ,</subfield>
    <subfield code="c">1967</subfield>
  </datafield>
  <datafield tag="300" ind1=" " ind2=" ">
    <subfield code="a">164 p. ; </subfield>
    <subfield code="c">21 cm</subfield>
  </datafield>
  <datafield tag="650" ind1=" " ind2=" ">
    <subfield code="a">Urdu poetry </subfield>
  </datafield>
  <datafield tag="942" ind1=" " ind2=" ">
    <subfield code="2">ddc</subfield>
    <subfield code="c">BK</subfield>
  </datafield>
  <datafield tag="999" ind1=" " ind2=" ">
    <subfield code="c">85597</subfield>
    <subfield code="d">85597</subfield>
  </datafield>
  <datafield tag="952" ind1=" " ind2=" ">
    <subfield code="0">0</subfield>
    <subfield code="1">0</subfield>
    <subfield code="2">ddc</subfield>
    <subfield code="4">0</subfield>
    <subfield code="7">1</subfield>
    <subfield code="8">NFIC</subfield>
    <subfield code="a">RUCL</subfield>
    <subfield code="b">RUCL</subfield>
    <subfield code="c">Reading</subfield>
    <subfield code="d">1971-12-03</subfield>
    <subfield code="e">feroz &amp; sons</subfield>
    <subfield code="g">3.00</subfield>
    <subfield code="l">0</subfield>
    <subfield code="o">U 891.4391 SUQ 1967</subfield>
    <subfield code="r">2025-08-31 00:00:00</subfield>
    <subfield code="t">C-1</subfield>
    <subfield code="w">2025-08-31</subfield>
    <subfield code="y">BK</subfield>
  </datafield>
</record>
